Toxikologické aspekty chemických havárií

Hlavní autor: Florus, Stanislav, 1963-
Jazyk: Čeština
Vydáno: České Budějovice : Jihočeská univerzita, 2008
Témata:
Fyzický popis: 1 CD-ROM : barev. ; 12 cm
Elektronické zdroje
Uloženo v:
LEADER 01834nmm a2200433 a 4500
001 000917264
003 CZ BrMZK
005 20090305113924.0
008 081016s2008 xr e d |||||||cze d
020 |a 978-80-7394-106-2  |q (CDR) 
040 |a BOA001  |b cze 
072 7 |a 504  |x Znečištění a poškození životního prostředí  |2 Konspekt  |9 2 
072 7 |a 37.016  |x Učební osnovy. Vyučovací předměty. Učebnice  |2 Konspekt  |9 22 
080 |a 504.61:62  |2 MRF 
080 |a 54-4  |2 MRF 
080 |a 613.632/.634  |2 MRF 
080 |a 351.777.5  |2 MRF 
080 |a 005.931  |2 MRF 
080 |a 005.934  |2 MRF 
080 |a (07)  |2 MRF 
080 |a (0.034.44)  |2 MRF 
100 1 |a Florus, Stanislav,  |d 1963-  |7 mzk2007363541  |4 aut 
245 1 0 |a Toxikologické aspekty chemických havárií  |h [elektronický zdroj] /  |c Stanislav Florus 
256 |a Data (1,17 MB) 
260 |a České Budějovice :  |b Jihočeská univerzita,  |c 2008 
300 |a 1 CD-ROM :  |b barev. ;  |c 12 cm 
500 |a Nad názvem: Jihočeská univerzita v Českých Budějovicích, Zdravotně sociální fakulta 
521 |a Doplňkové texty pro posluchače kombinované formy studia studijního programu "Ochrana obyvatelstva" studijního oboru " Ochrana obyvatelstva se zaměřením na CBRNE" 
650 0 7 |a technické havárie  |7 ph116407  |2 czenas 
650 0 7 |a chemické látky  |7 ph119147  |2 czenas 
650 0 7 |a nakládání s chemickými látkami  |7 ph162477  |2 czenas 
650 0 7 |a krizový management  |7 ph121964  |2 czenas 
650 0 7 |a bezpečnostní management  |7 ph170456  |2 czenas 
655 7 |a učební texty  |7 fd133599  |2 czenas 
655 7 |a CD-ROM  |7 fd133955  |2 czenas 
910 2 |a BOA001  |b CDR-1213.004 
990 |a CF 
991 |b 200903 
996 3 |b 2610358635  |c CDR-1213.004  |l Stud. periodik/2.patro  |r Sklad / do 1 hodiny  |n 1  |p p.v.  |w 000917264  |u 000010  |a 1  |e BOA001  |j MZK50  |s N